000 00468nam a2200181Ia 4500
005 20250326142037.0
008 250326s9999 xx 000 0 und d
037 _aTextbook
040 _aFMSL
_beng
_cFMSL
041 _aeng
_2eng
084 _qFMSL
100 _aChitale V P
245 0 _aProject vability in Inflationary conditions
_cChitale V P
260 _aVikas
_bVikas, Pub. House
_c1981
300 _a117p
942 _cTB
999 _c1293176
_d1293176